| 000 | 00657nam a22002051a 4500 | ||
|---|---|---|---|
| 001 | 11496 | ||
| 003 | OSt | ||
| 005 | 20260204212244.0 | ||
| 008 | 121119s2010||||ck ||||||b||||||||||spa|| | ||
| 020 | _a9789588675121 | ||
| 050 | _a658.022 C111d | ||
| 100 | _aCaballero Miquez, Gonzalo | ||
| 245 | _aDirección estratégicas y la Pyme: Fundamentos y teoría para exito empresarial / Gonzalo Caballero Miquez y Ana Belén Freijeiro | ||
| 264 | _aColombia: Ediciones U | ||
| 300 | _a158 p | ||
| 500 | _aIncluye bibiografía | ||
| 650 | _aPequeñas y Medianas Empresas 2.Administración Estratégica | ||
| 700 | _aAna Belén FreijeiroÌ | ||
| 942 |
_2ddc _cBK |
||
| 999 |
_c11496 _d11496 |
||